000 00190 a2200097 4500
001 1360
100 _aBishop, R.E.D.
245 _aVibration
260 _a
_bCambridge
_c
090 _c911
_d911
942 _aNUST-CAE
_cM
_c35945
999 _c236433
_d236433